书目信息 |
| 题名: |
教育行政与学校管理
|
|
| 作者: | ;人民教育出版社外国教育丛书编辑组 编 | |
| 分册: | ||
| 出版信息: | 北京 人民教育出版社 1982 |
|
| 页数: | 188页 | |
| 开本: | 21cm | |
| 丛书名: | 外国教育丛书 | |
| 单 册: | ||
| 中图分类: | G46 | |
| 科图分类: | ||
| 主题词: | 教育行政 | |
| 电子资源: | ||
| ISBN: | ||
| 000 | 00790nam2 2200253 45 | |
| 001 | 0182003905 | |
| 005 | 20041229092636.4 | |
| 010 | @dCNY0.56 | |
| 091 | @a7012.0487 | |
| 100 | @a19950608d1982 em y0chiy0121 ea | |
| 101 | 0 | @achi |
| 102 | @aCN@b110000 | |
| 105 | @ay z 000yy | |
| 200 | 10 | @a教育行政与学校管理@Ajiao yu xing zheng yu xue xiao guan li@f人民教育出版社《外国教育丛书》编辑组编@FRen Min Jiao Yu Chu Ban She《Wai Guo Jiao Yu Cong Shu》Bian Ji Zu Bian |
| 210 | @a北京@c人民教育出版社@d1982 | |
| 215 | @a188页@d21cm | |
| 225 | @a外国教育丛书 | |
| 410 | @12001 @a外国教育丛书 | |
| 606 | @a教育行政 | |
| 690 | @aG46@v3 | |
| 711 | 02 | @a人民教育出版社外国教育丛书编辑组@4编 |
| 801 | 0 | @aCN@b上海图书馆@c20040424 |
| 801 | 2 | @aCN@bNLC@c20040424 |
| 905 | @dG46@e1@f1@b77676 | |
| 教育行政与学校管理/人民教育出版社《外国教育丛书》编辑组编.-北京:人民教育出版社,1982 |
| 188页;21cm.-(外国教育丛书) |
| ISBN :CNY0.56 |
| ● |
| 相关链接 |
|
|
|
|
正题名:教育行政与学校管理
索取号:G46/1
 
预约/预借
| 序号 | 登录号 | 条形码 | 馆藏地/架位号 | 状态 | 备注 |
| 1 | 0077674 | 001756941 | 密集书库/ [索取号:G46/1] | 在馆 | |
| 2 | 0077675 | 001756987 | 密集书库/ [索取号:G46/1] | 在馆 | |
| 3 | 0077676 | 000309990 | 密集书库/ [索取号:G46/1] | 在馆 | |
| 4 | 0081785 | 001757021 | 密集书库/ [索取号:G46/1] | 在馆 | |
| 5 | 0081787 | 000310005 | 第一样本阅览室/ [索取号:G46/1] | 在馆 | |
| 6 | 0143769 | 000459523 | 密集书库/ [索取号:G46/1] | 在馆 | |
| 7 | 0143770 | 000459471 | 密集书库/ [索取号:G46/1] | 在馆 | |
| 8 | 0143771 | 000459514 | 密集书库/ [索取号:G46/1] | 在馆 | |
| 9 | 0143772 | 000459480 | 密集书库/ [索取号:G46/1] | 在馆 | |
| 10 | 0143773 | 001734172 | 密集书库/ [索取号:G46/1] | 在馆 |